| Tag |
First Indicator |
Second Indicator |
Subfields |
| LEADER |
00000cam a2200000 i 4500 |
| 001 |
in00000094018 |
| 005 |
20150927070242.0 |
| 008 |
781108s1964 mbcb b s00010 eng d |
| 035 |
|
|
|a (OCoLC)04357323
|
| 035 |
|
|
|9 AAL5871AM
|
| 040 |
|
|
|a GZE
|c GZE
|d TXA
|d UtOrBLW
|
| 049 |
|
|
|a TXAM
|c [920947]
|
| 090 |
|
|
|a TN27.M3
|b A33 no. 62-1
|
| 100 |
1 |
|
|a Barry, G. S.
|
| 245 |
1 |
0 |
|a Geology of the Parker Lake area :
|b 53M/2 Gods Lake Mining Division, Manitoba /
|c by G. S. Barry.
|
| 264 |
|
1 |
|a Winnipeg,
|b [publisher not identified] ;
|c 1964.
|
| 300 |
|
|
|a iii, 26 pages :
|b maps ;
|c 25 cm.
|
| 336 |
|
|
|a text
|b txt
|2 rdacontent
|
| 337 |
|
|
|a unmediated
|b n
|2 rdamedia
|
| 338 |
|
|
|a volume
|b nc
|2 rdacarrier
|
| 490 |
1 |
|
|a Manitoba. Dept. of Mines and Natural Resources. Mines Branch. Publication ;
|v 62-1
|
| 500 |
|
|
|a Part of illustrative matter in pocket.
|
| 504 |
|
|
|a Bibliography: page 26.
|
| 650 |
|
0 |
|a Geology
|z Manitoba
|z Parker Lake Region.
|
| 830 |
|
0 |
|a Publication (Manitoba. Department of Mines, Resources and Environmental Management. Mines Branch) ;
|v 62-1.
|
| 999 |
|
|
|a MARS
|
| 999 |
f |
f |
|s d941b3e6-f47d-3852-a148-ddd24fb0ec7b
|i 6b7d9837-66f4-369a-b914-4f410f7cb671
|t 0
|
| 952 |
f |
f |
|p ric
|a Texas A&M University
|b Rellis Campus
|c Joint Library Facility
|d Remote Storage
|t 0
|e TN27.M3 A33 no. 62-1
|h Library of Congress classification
|i unmediated -- volume
|m A14805568725
|
| 998 |
f |
f |
|a TN27.M3 A33 no. 62-1
|t 0
|l Remote Storage
|